000 00557nam a2200193Ia 4500
005 20230421141358.0
008 230125s9999 xx 000 0 und d
020 _a978-93-85456-00-8
041 _aeng
082 _a891.463
_bTAL
100 _aTalwalkar A
_9116072
245 _aParamveer Chakra Vijete
_bParamveer Chakra Vijetyanchya Shoryakatha
260 _c2015
_bBhalchandra Kulkarni
_aPune
300 _a88p
500 _aMarathi Literature
650 _aMarathi Literature
700 _aTalwalkar A & Matchless Gift, Donor
_9116073
942 _cBK
999 _c93764
_d93764